| 000 | 004260000a22001450004500 | ||
|---|---|---|---|
| 060 | _a100 | ||
| 082 | _a658.809 634 SHE | ||
| 100 | _aSherman, Wells A | ||
| 245 | _aMerchandising fruits and vegetables | ||
| 260 | _aNewyork, Mc Graw- Hill Book Company Inc | ||
| 260 | _c1930 | ||
| 300 | _a499 | ||
| 650 | _aMerchandising - fruit & vegetables/ Industry - fruits & vegetables/ marketing - fruits & vegetables | ||
| 942 | _cBK | ||
| 999 |
_c349261 _d349261 |
||